| 000 | 01702nam a22004337a 4500 | ||
|---|---|---|---|
| 001 | 000095470 | ||
| 003 | CHAP | ||
| 005 | 20220329143111.0 | ||
| 008 | 060328d2005 mx r 00110 spa d | ||
| 010 | _a91936 | ||
| 011 | _a92908 | ||
| 035 | _a103475 | ||
| 040 | _cCHAP | ||
| 090 | _aTesis | ||
| 100 | 1 |
_aPeralta Juárez, Antonio. _987032 |
|
| 245 | 1 | 0 |
_aControl de Bemisia tabaci Genn. (Homoptera : Aleyrodidae) con los bioinsecticidas BIO-Die y Bio-Stick en el cultivo de jitomate (L. esculentum Mill.) en Totolapan, Morelos / _c/por Antonio Peralta Juárez. |
| 260 |
_aChapingo, Méx. : _bEl autor, _c2005. |
||
| 300 |
_a64 h. ; : _bgráfs. |
||
| 502 | _aTesis (Ing. Agr. Esp. en Parasitología Agrícola) -- UACH. Departamento de Parasitología Agrícola | ||
| 590 |
_aALEPH _b10 _c20130110 _lUCH01 _h1510 |
||
| 590 |
_aBATCH-UPD _b10 _c20130110 _lUCH01 _h1610 |
||
| 590 |
_aBATCH-UPD _b10 _c20130410 _lUCH01 _h1005 |
||
| 590 |
_aBATCH-UPD _b10 _c20130914 _lUCH01 _h0601 |
||
| 590 |
_aBATCH-UPD _b10 _c20130914 _lUCH01 _h2139 |
||
| 590 |
_aBATCH-UPD _b10 _c20140324 _lUCH01 _h1455 |
||
| 590 |
_aBATCH-UPD _b10 _c20141002 _lUCH01 _h0829 |
||
| 590 |
_aCONVERSION _b10 _c20130109 _lUCH01 _h1351 |
||
| 590 |
_aE12093SGE _b10 _c20130709 _lUCH01 _h1337 |
||
| 650 | 1 | 4 |
_aBemisia tabaci. _911496 |
| 650 | 1 | 4 |
_aInsecticidas biológicos. _958883 |
| 650 | 1 | 4 |
_aTomate _xPlagas. _9113748 |
| 856 |
_3Finding aid _uhttp://10.13.5.2/tesis/103475.pdf _zTeclea aquí |
||
| 901 | _aBK | ||
| 905 | _aAlejandra Carrasco M. | ||
| 942 | _cFOLL | ||
| 942 | _n0 | ||
| 949 |
_aTesis _bBC _cTES _d00000001034751 _eTS1 _gDonaciØn _h44596 _i103475 _sb |
||
| 949 |
_aTesis _bBC _cTES _d33724000999439 _eTS2 _fc.2 _gDonaciØn _h44597 _i103475 _sb |
||
| 999 |
_c91936 _d91936 |
||